Human Cycle (Record no. 16547)

MARC details
000 -LEADER
fixed length control field 00638nam a2200241 a 4500
020 ## - INTERNATIONAL STANDARD BOOK NUMBER
ISBN 8170582814
082 00 - DEWEY DECIMAL CLASSIFICATION NUMBER
Classification number 181.04
Author Cutter AUR
100 ## - MAIN ENTRY--AUTHOR NAME
Author name Aurobindo, Sri
245 ## - TITLE STATEMENT
Title Human Cycle
Sub title The Idea of Human Unity War and Self-Determination
260 ## - PUBLICATION, DISTRIBUTION, ETC. (IMPRINT)
Place of publication Pandicherry
Name of publisher Sri Aurobindo Ashram
Year of publication 1997
300 ## - PHYSICAL DESCRIPTION
Number of Pages 689p
500 ## - GENERAL NOTE
General note includes index and biblioraphy
505 2# - FORMATTED CONTENTS NOTE
Formatted contents note Index
650 ## - SUBJECT ADDED ENTRY--TOPICAL TERM
Topical Term Aurobindo-Philosophy
942 ## - ADDED ENTRY ELEMENTS (KOHA)
Koha item type Books
700 1# -
-- Aurobindo, Sri
Holdings
Home library Current library Date acquired Cost, normal purchase price Full call number Accession Number Koha item type
Henry Martyn Institute Library Henry Martyn Institute Library 07/20/2012 250.00 181.04 AUR 023838 E-Books
                   Copyright © 2026 | Henry Martyn Institute | Hyderabad | TS-500052 | INDIA | Implemented by hmi.edu.in
Hit-Count:

Powered by Koha